Madame ambassador: the life of Vijaya Lakshmi Pandit (Record no. 367269)

000 -LEADER
fixed length control field 00363cam a22001217a 4500
008 - FIXED-LENGTH DATA ELEMENTS--GENERAL INFORMATION
fixed length control field 180718b1962 xxu||||| |||| 00| 0 eng d
082 ## - DEWEY DECIMAL CLASSIFICATION NUMBER
Classification number A99 P192/G984
100 ## - MAIN ENTRY--PERSONAL NAME
Personal name Guthrie, Anne
245 ## - TITLE STATEMENT
Title Madame ambassador: the life of Vijaya Lakshmi Pandit
Statement of responsibility, etc. by Anne Guthrie
260 ## - PUBLICATION, DISTRIBUTION, ETC.
Place of publication, distribution, etc. New York
Name of publisher, distributor, etc. Harcourt
Date of publication, distribution, etc. 1962
300 ## - PHYSICAL DESCRIPTION
Extent 192p.
650 ## - SUBJECT ADDED ENTRY--TOPICAL TERM
Topical term or geographic name entry element Pandit, Vijaya Lakshmi, 1900
Holdings
Withdrawn status Lost status Damaged status Not for loan Permanent Location Current Location Date acquired Full call number Barcode Date last seen Price effective from Koha item type
        Indian Institute of Public Administration Indian Institute of Public Administration 1994-05-11 A99 P192/G984 30579 2018-07-21 2018-07-21 Book

Powered by Koha